Devinons - Marques d'Alcool (Beer Edition) - Statistiques

Statistiques générales
  • Ce quiz a été pris 34 fois
  • Le résultat moyen est 6 sur 20
Statistiques - réponses
Hint Réponse % Correct
Bière hollandaise célèbre pour son étoile rouge et sa bouteille verte Heineken
100%
Bière aromatisée à la tequila dans une bouteille au style tagué Desperados
77%
Célèbre stout irlandais dont le logo est une harpe Guinness
77%
Bière mexicaine traditionnellement servie avec une rondelle de citron Corona
65%
La bière alsacienne qui arbore fièrement l'année "1664" Kronenbourg
54%
Bière d'abbaye belge très connue avec une église sur l'étiquette Leffe
38%
Bière d'abbaye dont le symbole est un phénix renaissant de ses cendres Grimbergen
35%
La "King of Beers" américaine avec un logo en forme de nœud papillon Budweiser
31%
Bière française représentée par un pélican Pelforth
23%
Bière danoise avec le slogan "Probably the best beer in the world" Carlsberg
19%
Bière aromatisée à la vodka et aux agrumes avec un casque de viking Skoll
19%
Bière portugaise de Porto, principale concurrente de Sagres Super Bock
19%
Bière belge forte dont le nom signifie "Diable" en flamand Duvel
15%
La plus célèbre des bières espagnoles San Miguel
15%
Bière blonde belge dont le logo représente un cor de chasse Stella Artois
15%
Bière d'abbaye belge utilisant la croix de Saint-Pierre Affligem
8%
Bière blanche belge servie dans un verre hexagonal Hoegaarden
8%
Bière allemande dont le logo est une clé argentée sur fond rouge Beck's
4%
La bière australienne la plus célèbre avec un grand "F" rouge Foster's
4%
La marque de cidre la plus vendue au monde (logo arc et flèche) Strongbow
4%
Aucun quiz correspondant
Distribution des résultats
% des personnes avec chaque résultat
Percentile par nombre de réponses
Votre historique - résultats
Vous n’avez pas pris ce quiz